000 00512nam a2200145 a 4500
001 000036763
005 20200930075925.0
008 120131s2002 dr abc 000 0 spa d
040 _aDO-SdBNP
_bspa
_cBNPHU
082 _axxxx
_bI19u
245 0 0 _aIdeas urbanas para Santo Domingo 2002 /
_ceditor Antonio Vélez Catrain.
260 _aSanto Domingo :
_bInmobiliaria BHD :
_bAyuntamiento del Distrito Nacional,
_c2002.
300 _a160 p. :
_bils, mapa, retr. ;
_c32 cm.
700 1 _aVélez Catrain, Antonio
_eed.
_963094
999 _c36254
_d36254